00944nam a2200217 a 450000100100000000500170001000800410002704000250006808200180009310000270011124500940013826000660023230000180029850000640031665000260038065000280040670000370043495201160047195201220058799900170070900001940420200929170016.0100628s1988 cu r 000 p spa d aDO-SdBNPbspacBNPHU aCU861.bA454c1 aAlonso, Dignora94165810aComo ángel cierto :bcontemporáneos /cDignora Alonso ; edición Bertha Hernández. aLa Habana :bUnión de Escritores y Artistas de Cuba,c1988. a177 p. ;ccm. aIncluye datos biográficos del autor en la contracubierta. 4aPoesía cubana95226 4aLiteratura cubana914831 aHernández, Bertha,eed.941475 001050718MOaGRbGRcHDd2010-06-28iLF1l0oCU861. A454cp19404-10r2020-06-25w2020-06-25y1ZNo se presta 001150718MOaGRbGRcMId2017-06-02iLF1l0oCU861. A454cp19404-20r2020-06-25te. 2w2020-06-25y1ZNo se presta c18920d18920